000 01264pam a2200325 a 4500
001 599850
003 OSt
005 20231204144117.0
008 911106r19921960nyua 001 0 eng
010 _a 91042308
020 _a0471572780 (pbk. : alk. paper)
040 _aDLC
_cDLC
_dDLC
050 0 0 _aQA273
_b.P272 1992
082 0 0 _a519.2
_bPAR/M
100 1 _aParzen, Emanuel,
_d1929-2016
_910003
245 1 0 _aModern probability theory and its applications /
_cEmanuel Parzen.
250 _aWiley classics library ed.
260 _aNew York :
_bWiley,
_c1992.
300 _axv, 464 p. :
_bill. ;
_c23 cm.
440 2 _aA Wiley publication in mathematical statistics
490 0 _aWiley classics library
500 _aOriginally published: New York : Wiley, 1960.
500 _aIncludes index.
650 0 _aProbabilities.
856 4 2 _3Publisher description
_uhttp://www.loc.gov/catdir/description/wiley031/91042308.html
856 4 _3Table of Contents
_uhttp://www.loc.gov/catdir/toc/onix01/91042308.html
906 _a7
_bcbc
_corignew
_d1
_eocip
_f19
_gy-gencatlg
942 _2ddc
_cBK
_h519.2
_iPAR/M
_k519.2
_mPAR/M
999 _c43854
_d43854